| 000 | 00837nac a22002171u 4500 | ||
|---|---|---|---|
| 082 |
_a616.75 _bC4357 |
||
| 090 |
_c3626 _d3626 |
||
| 100 | _aChakravarti, Ganendrak | ||
| 245 |
_aHandbook of clinical pathology / _bGanendrakumar Chakravarti, Kalimoy Bhattacharya |
||
| 250 |
_a2nd ed. _bBy Kalimoy Bhattacharya |
||
| 260 |
_aCalcutta,India: _bAcademic publishers,1972 _c1972 |
||
| 300 |
_a238p.; _c25 cm. |
||
| 500 | _aIncludes index | ||
| 500 | _aDonations | ||
| 500 | _aDonations-Bibliotheca Alexandrina | ||
| 650 |
_aDiagnosis, Laboratory _v Handbooks, manuals, etc. |
||
| 650 |
_aPathology, Clinical _v Handbooks. _x methods |
||
| 700 | _aBhattacharya, Kalimoy | ||
| 942 |
_cBB _k616.75C4357 |
||
| 999 |
_c3626 _d3626 |
||